Identifikácia a segmentácia zákazníkov

Identifikácia a segmentácia zákazníkov je účinný nástroj, ktorý pomáha rastu podnikov. Segmentácia zákazníkov pomáha predajcom definovať presvedčivú hodnotu návrhov, nájsť príležitosti, alokovať zdroje, porozumieť hrozbám, budovať vnútorné usporiadanie, a zlepšiť individuálne schopnosti a výkon.

Salvato in:
Dettagli Bibliografici
Autore principale: Kádárová, Jaroslava
Altri autori: Kobulnický, Ján, Demečko, Michal
Natura: Capitolo di libro
Lingua:slovacco
Soggetti:
Tags: Aggiungi Tag
Nessun Tag, puoi essere il primo ad aggiungerne!!

MARC

LEADER 00000nla a2200000 4500
001 0240417
005 20240417075132.1
041 0 |a slo 
044 |a SK 
245 1 0 |a Identifikácia a segmentácia zákazníkov  |c Jaroslava Kádárová, Ján Kobulnický, Michal Demečko 
520 |a Identifikácia a segmentácia zákazníkov je účinný nástroj, ktorý pomáha rastu podnikov. Segmentácia zákazníkov pomáha predajcom definovať presvedčivú hodnotu návrhov, nájsť príležitosti, alokovať zdroje, porozumieť hrozbám, budovať vnútorné usporiadanie, a zlepšiť individuálne schopnosti a výkon. 
610 2 0 |a marketing strategický 
610 2 0 |a stratégia marketingová 
610 2 0 |a segmentácia trhu 
610 2 0 |a zákazníci 
100 1 |a Kádárová, Jaroslava 
700 1 |a Kobulnický, Ján 
700 1 |a Demečko, Michal